000 00453 a2200145 4500
001 ART_6405
005 20260410161825.0
008 260409a
245 1 0 _aDeterminación de parámetros que explican el consumo de carne en Mar del Plata
100 1 _aDi Paola, Rosángela
700 1 _aGarrido, Laura
700 1 _aGentile, Natacha
700 1 _aLupín, Beatriz
773 0 _tFACES
_g- Año 8, Nº 13 (ene./abr. 2002)
_wREV5046
999 _c22752
_d22752